000
00337nam a2200145 a 4500
008
990525s1973||||xx 0 und c
040
_a
SNK
_b
slo
_c
SNK
_e
AACR2
100
1
_a
Dumas, Alexandre
245
1
0
_a
Joseph Balsamo 2
260
_a
Bratislava
_b
Pravda
_c
1973
300
_a
726 s.
020
_c
42
044
_a
xo
_c
SK
041
_a
slo
999
_c
10366
_d
10366